Analýza finančnej situácie potravinárskeho priemyslu na Slovensku

Spracovanie finančných údajov o podnikoch v rámci odvetvovej analýzy. Charakteristika potravinárskeho priemyslu na Slovensku. Analýza finančnej situácie potravinárskeho priemyslu v SR. Typický potravinársky podnik v analyzovanom období je vysoko zadlžený.

Na minha lista:
Detalhes bibliográficos
Autor principal: Šnircová, Jana, 1971-
Formato: Capítulo de Livro
Idioma:eslovaco
Assuntos:
Tags: Adicionar Tag
Sem tags, seja o primeiro a adicionar uma tag!

MARC

LEADER 00000naa$a2200000$$$4500
001 0045760
005 20240502071529.5
041 0 |a slo 
044 |a SK 
245 1 0 |a Analýza finančnej situácie potravinárskeho priemyslu na Slovensku  |c Jana Šnircová 
520 |a Spracovanie finančných údajov o podnikoch v rámci odvetvovej analýzy. Charakteristika potravinárskeho priemyslu na Slovensku. Analýza finančnej situácie potravinárskeho priemyslu v SR. Typický potravinársky podnik v analyzovanom období je vysoko zadlžený. 
610 2 0 |a potravinárstvo 
610 2 0 |a situácia finančná podniku 
610 2 0 |a analýzy 
610 2 0 |a zadlženosť 
610 2 0 |a zadlženosť vnútorná 
610 2 0 |a Slovensko 
100 1 |a Šnircová, Jana, 1971-